| 000 | 00985nam a2200265 4500 | ||
|---|---|---|---|
| 005 | 20090829160947.0 | ||
| 008 | 700514s1968 enka | 00| 1 eng | ||
| 010 | _aENG-94988 | ||
| 020 |
_c195.00 _a9788122200605 |
||
| 020 |
_c195.00 _a8122200605 |
||
| 035 | _aEN-78521 | ||
| 037 | _bDBAD / PUB | ||
| 040 |
_adpl _bEnglish |
||
| 082 | _a646.72 | ||
| 100 | _aShahnaz Husain | ||
| 245 |
_aShahnaz Husain's beauty book / _cby Shahnaz Husain; illustrated by Neelam Taneja; photography by Kitty Hazuria |
||
| 260 |
_aNew Delhi _bOrient Paperbacks _c2006 |
||
| 270 |
_bNew Delh _a5A/8 Ansari Road, _e110002 |
||
| 300 |
_a183p. : _c22cm(pbk) _bphotos |
||
| 500 | _aIncludes glossary | ||
| 650 | _aBeauty, Personal | ||
| 700 | _aTaneja, Neelam | ||
| 942 |
_2ddc _cEN _mSHA _h646.72 |
||
| 999 |
_c29816 _d29816 |
||